| 000 | 01244nam a2200277 i 4500 | ||
|---|---|---|---|
| 001 | 17531 | ||
| 003 | ES-MaACL | ||
| 005 | 20250804010206.0 | ||
| 007 | t| | ||
| 008 | 010327m19842001sp ||||1| spa d | ||
| 020 | _a84-206-9813-X | ||
| 080 | _a001(091) | ||
| 100 | 1 |
_aMason, Stephen Finney. _978768 |
|
| 245 | 1 | 0 |
_aHistoria de las ciencias / _cStephen F. Mason. |
| 260 |
_aMadrid : _bAlianza Editorial, _c1984-2001. |
||
| 300 |
_a5 v. ; _c18 cm. |
||
| 490 | 1 |
_aEl libro de bolsillo ; _v1062, 1080, 1106 |
|
| 490 | 1 |
_aEl libro de bolsillo. Ciencia y técnica ; _v2508-2509 |
|
| 505 | 8 | _aContiene: 1. La ciencia antigua, la ciencia en Oriente y en la Europa medieval - 2. La revolución científica de los siglos XVI y XVII - 3. La ciencia del siglo XVIII, el desarrollo de las tradiciones científicas nacionales - 4. La ciencia del siglo XIX, agente del cambio industrial e intelectual - 5. La ciencia del siglo XX | |
| 598 | _aVol. 4-5: colección Ciencia y técnica. | ||
| 650 | 1 | 4 |
_aCiencia- _vHistoria. _910954 |
| 830 | 1 |
_aEl libro de bolsillo ; _v1062, 1080, 1106 _9177802 |
|
| 830 | 1 | 3 |
_aEl libro de bolsillo. _pCiencia y técnica _v2508-2509 _9181079 |
| 852 |
_aES-MaACL _jG-1714-18 |
||
| 999 |
_c17531 _d17531 |
||